| 000 | 01058nam a22002657a 4500 | ||
|---|---|---|---|
| 005 | 20251022174144.0 | ||
| 008 | 251022b |||||||| |||| 00| 0 eng d | ||
| 020 | _a9786210450828 | ||
| 040 | _absop | ||
| 100 |
_aAlbor, Rufo Gil Z. _eauthor |
||
| 245 |
_aResearch in Education / _cRufo Gil Albor.,[et al.] |
||
| 250 | _a1st edition | ||
| 264 |
_aManila : _bRex Book Store, _cc2025. |
||
| 300 |
_aix, 390 pages : _billustrations ; _c25 cm |
||
| 336 | _atext | ||
| 337 | _aunmediated | ||
| 338 | _avolume | ||
| 505 | 0 | _aPreface--Features--I. Foundations of Educational Research--II. Comparing and Applying Educational Research Paradigms--III. Principles and Processes of Research in Education--IV. Quantitative Research Designs--V. Qualitative Research Designs--VI. Mixed Methods Research--VII. Effective Research Reporting--References | |
| 650 | _aEducational Research | ||
| 700 | _aDe Guzman, Rowena P. | ||
| 700 | _aMarcelino, Rocky T. | ||
| 700 | _aQuimbo, Maria Ana T. | ||
| 700 |
_aPawilen, Greg Tabios _ecoordinator |
||
| 942 |
_2lcc _cBK |
||
| 999 |
_c54650 _d54650 |
||